000 00258nam a2200109Ia 4500
008 220120s9999||||xx |||||||||||||| ||und||
082 _a621.382 CHI
100 _aChitode
_911397
245 0 _aDigital communication
260 _bNew Delhi
300 _a624p.
_b0
999 _c136314
_d136314